000 00399nam a22001457a 4500
999 _c5994
_d5994
008 150917b xxu||||| |||| 00| 0 eng d
020 _a00282669535
050 _aQC 23 .M47 1995
100 _aMerill.
_d1995
245 _aPhysical Science/
_cMerrill.
260 _aUSA:
_bGlencoe,
_c1995.
300 _axxii,745p.:
_bill.(some col.);
_c26cm.
650 _aPhysics
942 _2lcc
_cBOOKS
_01